Františkovy Lázně orientační plán /

Korporativní autor: Kartografie Praha (firma)
Další autoři: Petrášová, Helena, Meixner, Jan, Slavík, Oldřich, Patočka, Bedřich
Jazyk: Ruština
Němčina
Francouzština
Čeština
Angličtina
Vydáno: Praha : Kartografie, 1971
Vydání: 3. vyd.
Témata:
Fyzický popis: 1 mapa : barev. ; 21 x 41 cm, na listu 21 x 53 cm, složeno na 21 x 14 cm
Language note: Text česky, rusky, anglicky, francouzsky a německy
Mapy
Uloženo v:
LEADER 02071nem a2200433 a 4500
001 000573300
003 CZ BrMZK
005 20140331165728.0
007 aj canzn
008 011003s1971 xr a 0 cze
034 1 |a a  |b 10000  |d E0121903  |e E0122226  |f N0500737  |g N0500629 
040 |a BOA001  |b cze 
041 0 |a cze  |a rus  |a eng  |a fre  |a ger 
043 |a e-xr---  |b e-xr-ka  |2 czenas 
072 7 |a 913(437)  |x Geografie Česka a Slovenska, reálie, cestování  |2 Konspekt  |9 7 
072 7 |a 912  |x Mapy. Atlasy. Glóby  |2 Konspekt  |9 7 
080 |a (437.318)  |2 MRF 
080 |a (084.3)  |2 MRF 
110 2 |a Kartografie Praha (firma)  |7 kn20010724363  |4 ctg  |4 pbl 
245 1 0 |a Františkovy Lázně  |h [kartografický dokument] :  |b orientační plán /  |c zpracovala a vydala Kartografie Praha ; odpovědná redaktorka: Helena Petrášová ; technický redaktor: Jan Meixner ; texty zpracoval: Oldřich Slavík ; obálka: Bedřich Patočka 
250 |a 3. vyd. 
255 |a Měřítko 1:10 000  |c (012°19´03" v.d.--012°22´26" v.d./050°07´37" s.š.--050°06´29" s.š.) 
260 |a Praha :  |b Kartografie,  |c 1971  |f (Kartografický a reprodukční ústav v Praze) 
300 |a 1 mapa :  |b barev. ;  |c 21 x 41 cm, na listu 21 x 53 cm, složeno na 21 x 14 cm 
500 |a Na rubu doplňkový text a titul 
546 |a Text česky, rusky, anglicky, francouzsky a německy 
655 7 |a plány měst  |7 fd133027  |2 czenas 
651 7 |a Františkovy Lázně (Česko)  |7 ge129158  |2 czenas 
700 1 |a Petrášová, Helena  |7 mzk2009534028  |4 pbd 
700 1 |a Meixner, Jan  |4 red 
700 1 |a Slavík, Oldřich  |4 oth 
700 1 |a Patočka, Bedřich  |4 bjd 
710 2 |a Kartografie Praha (firma)  |7 kn20010724363  |4 ctg  |4 pbl 
910 |a BOA001  |b PK-0030.278-71  |b Skř.9A-0475.599-71 
964 |a Františkovy Lázně - plány orientační 
990 |a MP 
991 |b 201403 
996 6 |b 2619672868  |c Skř.9A-0475.599-71  |l MZK  |r Sklad / do 24 hodin  |n 0  |w 000573300  |u 000020  |a 1  |e BOA001  |j MZK50  |s P 
996 7 |b 3119678796  |c PK-0030.278-71  |l MZK  |r Sklad / do 1 hodiny  |n 0  |w 000573300  |u 000010  |a 1  |e BOA001  |j MZK50  |s A